The Alphabet Game - Marvel Edition - Statistics

General Stats
  • This quiz has been taken 36 times
  • The average score is 21 of 26
Answer Stats
% Correct
A A team of superheroes who protect the world Avengers
100%
C A soldier with a shield who fights for justice Captain America
97%
G A group of space heroes who protect the galaxy Guardians
97%
I A genius who wears a powerful metal suit Iron Man
97%
S A hero who climbs walls and shoots webs Spider-Man
97%
H A green giant with super strength Hulk
94%
T A villain who wants to control the universe Thanos
94%
B The king of Wakanda and a powerful hero Black Panther
90%
L The tricky god of mischief Loki
90%
O Thor’s father and king of Asgard Odin
90%
P A teenager who is also Spider-Man Peter Parker
90%
E The big final battle of the Avengers Endgame
87%
D A sorcerer who uses magic to protect the universe Doctor Strange
84%
R A smart raccoon who fights in space Rocket
84%
U A robot that fights against humans Ultron
81%
V A robot with a powerful stone in his forehead Vision
81%
W A hero who can use magic powers Wanda
81%
X Mutant heroes with special abilities X-Men
77%
F A hero who can fly with mechanical wings Falcon
74%
N The leader who brings heroes together Nick Fury
74%
Q A hero who runs very fast Quicksilver
74%
M Thor’s magical hammer Mjolnir
71%
Y A space pirate who helps the Guardians Yondu
65%
K A villain who can travel through time Kang
58%
J A private detective with super strength Jessica Jones
45%
Z A villain who tricks heroes to fight each other Zemo
45%
No matching quizzes found
Score Distribution
Percent of People with Each Score
Percentile by Number Answered
Your Score History
You have not taken this quiz